| 000 | 00711cam a2200217 a 4500 | ||
|---|---|---|---|
| 001 | 000019246 | ||
| 005 | 20200929165947.0 | ||
| 008 | 790514s1967 sp ah 000 0 spa d | ||
| 020 | _a8485018370 | ||
| 040 |
_aDO-SdBNP _cDLC _dDLC _dBNPHU |
||
| 082 |
_annnn _bS238h |
||
| 100 | 1 |
_aSanz, Carlos, _d1903-1979. _941418 |
|
| 245 | 1 | 3 |
_aLa huella de España en el mundo / _cCarlos Sanz. |
| 260 |
_aMadrid : _bRevista Geográfica Española, _c1967. |
||
| 300 |
_av. : _bil., fascs. ; _c24 cm. |
||
| 650 | 0 |
_aDiscoveries in geography _xSpanish. _920363 |
|
| 650 | 0 |
_aDiscoveries in geography _xHistory. _941419 |
|
| 710 | 2 |
_aRevista geografica espanola. _941420 |
|
| 910 | _aCatalogación derivada / LC | ||
| 049 | _aBNGR | ||
| 999 |
_c18764 _d18764 |
||